| 000 | 01069cam a22002531a 4500 | ||
|---|---|---|---|
| 001 | e 19000244 | ||
| 003 | DLC | ||
| 005 | 20260227111210.0 | ||
| 008 | 860124s1919 dcu f000 0 eng c | ||
| 010 | _ae 19000244 | ||
| 035 | _a(OCoLC)13058433 | ||
| 040 |
_aU.S. Off. of Educ. Library _cABAU _dABAU _dDLC |
||
| 050 | 0 | 0 |
_aL111 _b.A6 1919, no. 27 |
| 051 |
_aLC2801 _b.J7 |
||
| 100 | 1 |
_aJones, Thomas Jesse, _d1873-1950. |
|
| 245 | 1 | 0 |
_aRecent progress in Negro education / _cby Thomas Jesse Jones. |
| 260 |
_aWashington : _bG.P.O., _c1919. |
||
| 300 |
_a16 p. ; _c23 cm. |
||
| 490 | 1 |
_aBulletin / Department of the Interior, Bureau of Education ; _v1919, no. 27 |
|
| 500 | _a"Advance sheets from the Biennial survey of education in the United States, 1916-1918." | ||
| 501 |
_aCopy 1 of L111.A6 with: Vocational education, 1919, no. 25 / William T. Bawden. Washington : Govt. Print. Off., 1919. Bound together subsequent to publication. _5DLC |
||
| 650 | 0 |
_aAfrican Americans _xEducation. |
|
| 830 | 0 |
_aBulletin (United States. Bureau of Education) ; _v1919, no. 27 |
|
| 999 |
_c20301 _d20301 |
||